000 00995nam a22002537a 4500
005 20170124103047.0
010 _aA-833209
020 _c150.00
_a8185826528
035 _aA-833209
037 _bCen Lib/Ret
040 _aDPL
_bHN
082 _a
_bसुरेश
100 _aसुरेश कान्त
_969365
245 _aफिरंगी /
_cसुरेश कान्त
246 _aFirangi /
_bby Suresh Kant
260 _aनयी दिल्ली
_bग्रन्थ अकादेमी
_c1997
270 _a1686 पुराना दरयागंज
_bनयी दिल्ली
_e110002
300 _a158पृ.
_c19सेमी (सजिल्द )
650 _aहिंदी साहित्य
_x
_z
_969366
650 _aहिंदी साहित्य
_v
_xउपन्यास
_969367
650 _aHindi literature
_969368
650 _aHindi literature
_xfiction
_969369
942 _2ddc
_cHN
_h
_mसुरेश
999 _c116980
_d116980